LEADER 01435nam a2200265 4500 001 000000364890 003 CaOOAMICUS 005 20251027161728.0 008 251027s1924 it 000 u ita r 040 $aSeMil$bita 100 1 $aColombo, Luigi <1886-1973>.$0(OLS)http://semarc/name/123041 245 13$aLa Democrazia Cristiana nelle encicliche di Leone 13 : $btesto delle encicliche Rerum Novarum e Graves de communi re /$cAvv. Luigi Colombo ; Introduzione dell'On. Filippo Meda. 264 1$aMilano :$bSocietà Editoriale Lombarda,$c1924. 300 $a97 p., [1] p. di ritratto ;$c17 cm 650 4$aLeone XIII - Encicliche . Rerum novarum.$0(OLS)http://semarc/subject/10433 650 4$aLeone XIII - Encicliche.$0(OLS)http://semarc/subject/50294 700 1 $aMeda, Filippo,$d<1869-1939>,$e[con introduzione di].$0(OLS)http://semarc/name/53541 700 0 $aLeo XIII,$c.$0(OLS)http://semarc/name/553 850 $aSeMil 852 $aSeMil$W1$xVenegono$y1$m5C VIII 1/13$j263847$B255708$CSeMilBibl$Z2$F255708 $86 900 0 $aLeone XIII$c. 996 $6245$aLa Democrazia Cristiana nelle encicliche di Leone 13 : $btesto delle encicliche Rerum Novarum e Graves de communi re$9(OLS)http://semarc/title/456385 996 $6264$aMilano :$bSocietà Editoriale Lombarda$9(OLS)http://semarc/publisher/47612 LEADER 01042nam a2200229 i 4500 001 000000240504 003 CaOOAMICUS 005 20150331000000.0 008 150331s1970 it u000 u ita u 013 $a219409 040 $aSeMil$bita 100 1 $aChecconi, Sergio.$0(OLS)http://semarc/name/37640 245 10$aTeoria critica della società :$bantologia di scritti di Adorno, Horkheimer e Marcuse /$cSergio Checconi. 260 $aBologna :$bCalderini,$ccopyr. 1970. 300 $aV, 186 p. ;$c22 cm. 490 0 $aCollana di letture critiche e filosofiche 500 $aContiene : Bibliografia essenziale ; Notizia biografica. 830 0$aCollana di letture critiche e filosofiche.$0(OLS)http://semarc/title/10181 850 $aSeMil 852 $aSeMil$W1$xVenegono$y1$m3N III 212$j190850$B190850$CSeMilBibl$Z2$F201690 $81 996 $6245$aTeoria critica della società :$bantologia di scritti di Adorno, Horkheimer e Marcuse$9(OLS)http://semarc/title/342041 996 $6260$aBologna :$bCalderini$9(OLS)http://semarc/publisher/32082